<?xml version="1.0" encoding="UTF-8"?><?xml-stylesheet type="text/xsl" href="static/style.xsl"?><OAI-PMH xmlns="http://www.openarchives.org/OAI/2.0/" xmlns:xsi="http://www.w3.org/2001/XMLSchema-instance" xsi:schemaLocation="http://www.openarchives.org/OAI/2.0/ http://www.openarchives.org/OAI/2.0/OAI-PMH.xsd"><responseDate>2026-04-17T18:44:08Z</responseDate><request verb="GetRecord" identifier="oai:www.recercat.cat:20.500.14342/4470" metadataPrefix="marc">https://recercat.cat/oai/request</request><GetRecord><record><header><identifier>oai:recercat.cat:20.500.14342/4470</identifier><datestamp>2025-03-11T12:46:13Z</datestamp><setSpec>com_2072_482405</setSpec><setSpec>com_2072_183628</setSpec><setSpec>col_2072_482410</setSpec></header><metadata><record xmlns="http://www.loc.gov/MARC21/slim" xmlns:dcterms="http://purl.org/dc/terms/" xmlns:xsi="http://www.w3.org/2001/XMLSchema-instance" xmlns:doc="http://www.lyncode.com/xoai" xsi:schemaLocation="http://www.loc.gov/MARC21/slim http://www.loc.gov/standards/marcxml/schema/MARC21slim.xsd">
   <leader>00925njm 22002777a 4500</leader>
   <datafield ind2=" " ind1=" " tag="042">
      <subfield code="a">dc</subfield>
   </datafield>
   <datafield ind2=" " ind1=" " tag="720">
      <subfield code="a">Fondevila-Gascón, Joan-Francesc</subfield>
      <subfield code="e">author</subfield>
   </datafield>
   <datafield ind2=" " ind1=" " tag="720">
      <subfield code="a">Puiggròs, Elena</subfield>
      <subfield code="e">author</subfield>
   </datafield>
   <datafield ind2=" " ind1=" " tag="720">
      <subfield code="a">Gutiérrez-Aragón, Óscar</subfield>
      <subfield code="e">author</subfield>
   </datafield>
   <datafield ind2=" " ind1=" " tag="720">
      <subfield code="a">Galindo Reyes, Júlia</subfield>
      <subfield code="e">author</subfield>
   </datafield>
   <datafield ind2=" " ind1=" " tag="260">
      <subfield code="c">2024</subfield>
   </datafield>
   <datafield ind2=" " ind1=" " tag="520">
      <subfield code="a">El marketing digital ha permitido mejorar la promoción turística tanto para destinos como para atracciones concretas. En plena Sociedad de la Banda Ancha y globalización, el marketing optimiza estos productos turísticos, visibilizándolos y concediéndoles un valor añadido en contenidos y publicidad para que clientes potenciales se conviertan en visitantes y deseen visitar el recurso y la ciudad donde éste se encuentra. Destinos turísticos urbanos como Barcelona innovan en el ámbito del marketing. Concretamente, el Park Güell ha desarrollado una estrategia en diferentes redes sociales para dar a conocer más este atractivo turístico de la ciudad. Esta investigación pretende analizar el marketing y las redes sociales y contenidos del Park Güell. Se utilizan técnicas cuantitativas (encuesta a población del área metropolitana de Barcelona) y cualitativas (entrevistas en profundidad). Los resultados muestran que, a través del marketing y los contenidos creados por esta entidad, la imagen proyectada es mejorable. Se concluye la conveniencia de modificar la promoción de contenidos del marketing de Park Güell y de crear una planificación de marketing para que este atractivo obtenga más impacto aprovechando las redes sociales.</subfield>
   </datafield>
   <datafield ind2=" " ind1=" " tag="520">
      <subfield code="a">Digital marketing has enhanced tourism promotion for destinations and attractions. In the era&#xd;
of broadband and globalisation, marketing is used to optimise both by improving visibility and&#xd;
creating added content and advertising value to transform potential customers into visitors and&#xd;
persuade them to visit specific sites and the cities where they are located. Urban tourist&#xd;
destinations such as Barcelona lead the way in this regard. The aim of this research is to analyse&#xd;
the marketing and social networks of Park Güell, and the strategy it has used to boost its tourism&#xd;
profile. The study uses both quantitative (population survey of the Barcelona metropolitan area)&#xd;
and qualitative techniques (in-depth interviews). The results show that marketing and content&#xd;
creation has improved the image projected by Park Güell. However, the overall findings indicate&#xd;
the need to modify the park’s marketing content and create a marketing plan to ensure greater&#xd;
impact through its social networks.</subfield>
   </datafield>
   <datafield ind1="8" ind2=" " tag="024">
      <subfield code="a">http://hdl.handle.net/20.500.14342/4470</subfield>
   </datafield>
   <datafield ind1="8" ind2=" " tag="024">
      <subfield code="a">https://doi.org/10.17979/rotur.2024.18.1.9770</subfield>
   </datafield>
   <datafield tag="653" ind2=" " ind1=" ">
      <subfield code="a">Comunicació</subfield>
   </datafield>
   <datafield tag="653" ind2=" " ind1=" ">
      <subfield code="a">Màrqueting</subfield>
   </datafield>
   <datafield tag="653" ind2=" " ind1=" ">
      <subfield code="a">Xarxes socials</subfield>
   </datafield>
   <datafield tag="653" ind2=" " ind1=" ">
      <subfield code="a">Recursos turístics</subfield>
   </datafield>
   <datafield tag="653" ind2=" " ind1=" ">
      <subfield code="a">Parc Güell</subfield>
   </datafield>
   <datafield ind2="0" ind1="0" tag="245">
      <subfield code="a">Análisis de estrategias de marketing digital para el Park Güell</subfield>
   </datafield>
</record></metadata></record></GetRecord></OAI-PMH>